00678cam a22002297a 4500003000500000005001700005008004100022010001000063011001000073035001000083040000900093110007300102245007700175260002300252300001000275490003800285650002100323650001700344710000900361710004000370830003800410CHAP20220817041812.0971013s1976 r 00010 d a24961 a25933 a30033 cCHAP aComité Mixto FAO/OMS de Expertos en Veterinaria de Salud Pública13aEl aporte de la veterinaria a la salud públicab: informe del Comité aRoma :bFAO,c1976 a85 p. 0aFAO. Estudios agropecuariosv; 9614aSalud pública.14aVeterinaria.0 aFAO.0 aOrganización Mundial de la Salud.0 aFAO. Estudios agropecuariosv; 96